Engineering encyclopedia; (Record no. 550483)
[ view plain ]
| 000 -LEADER | |
|---|---|
| fixed length control field | 00811cam a22001811 4500 |
| 082 ## - DEWEY DECIMAL CLASSIFICATION NUMBER | |
| Classification number | 620.003 |
| Author Mark | ENG |
| -- | L-13, P-18 |
| 100 1# - MAIN ENTRY--PERSONAL NAME | |
| Personal name | Jones, Franklin Day, |
| 9 (RLIN) | 41993 |
| 245 10 - TITLE STATEMENT | |
| Title | Engineering encyclopedia; |
| Remainder of title | a condensed encyclopedia and mechanical dictionary for engineers, mechanics, technical schools, industrial plants, and public libraries, giving the most essential facts about 4500 important engineering subjects, |
| Statement of responsibility, etc. | edited by Franklin D. Jones ... |
| 250 ## - EDITION STATEMENT | |
| Edition statement | 2d ed. |
| 260 ## - PUBLICATION, DISTRIBUTION, ETC. | |
| Place of publication, distribution, etc. | New York, |
| Name of publisher, distributor, etc. | Industrial Press; Brighton, Eng., |
| -- | Machinery publishing co., ltd. |
| Date of publication, distribution, etc. | [1943] |
| 300 ## - PHYSICAL DESCRIPTION | |
| Extent | 2 v. |
| Other physical details | illus., diagrs. |
| Dimensions | 24 cm. |
| 500 ## - GENERAL NOTE | |
| General note | Paged continuously. |
| 526 ## - STUDY PROGRAM INFORMATION NOTE | |
| Program name | 0 |
| Interest level | 0 |
| Reading level | 0 |
| Title point value | 620_003000000000000_ENG |
| 526 ## - STUDY PROGRAM INFORMATION NOTE | |
| Program name | 0 |
| Interest level | 0 |
| Reading level | 0 |
| Title point value | 620_003000000000000_ENG |
| 650 #0 - SUBJECT ADDED ENTRY--TOPICAL TERM | |
| Topical term or geographic name entry element | Engineering |
| 650 #0 - SUBJECT ADDED ENTRY--TOPICAL TERM | |
| Topical term or geographic name entry element | MCE |
| 9 (RLIN) | 379 |
| 942 ## - ADDED ENTRY ELEMENTS (KOHA) | |
| Source of classification or shelving scheme | |
| Koha item type | Book |
| Withdrawn status | Lost status | Source of classification or shelving scheme | Damaged status | Not for loan | Permanent Location | Current Location | Date acquired | Total Checkouts | Full call number | Barcode | Date last seen | Price effective from | Koha item type |
|---|---|---|---|---|---|---|---|---|---|---|---|---|---|
| Military College of Engineering (MCE) | Military College of Engineering (MCE) | 11/10/2014 | 620.003 ENG | MCE-29030 | 11/10/2014 | 11/10/2014 | Book | ||||||
| Military College of Engineering (MCE) | Military College of Engineering (MCE) | 11/10/2014 | 620.003 ENG | MCE-29031 | 11/10/2014 | 11/10/2014 | Book |
